Burger inspirowane postaciami z marvela - Statystyki

Ogólne statystyki
  • Ten quiz został rozwiązany 86 razy
  • Średni wynik to 8 z 11
Statystyki odpowiedzi
Obrazkowy Odpowiedź % Poprawnych
Loki
94%
Spider-man
93%
Hulk
87%
Iron man
87%
Kapitan Ameryka
87%
Thor
81%
Doktor Strange
72%
Hawkeye
59%
Czarna Pantera
50%
Szkarłatna Wiedźma
48%
Czarna Wdowa
44%
Nie znaleziono quizów pasujących do podanych kryteriów
Rozkład punktacji
Procent ludzi z każdym wynikiem
Percentyl według liczby udzielonych odpowiedzi
Twoja historia wyników
Nie rozwiązałeś tego quizu